000 nam a22 7a 4500
999 _c7561
_d7561
008 170921b xxu||||| |||| 00| 0 eng d
020 _a9788183414791
100 _aRohan Book Company
_94078
245 _aTelle me When
260 _aNew Delhi
_bRohan Book Company